150 years service to American health. (Record no. 90422)

MARC details
000 -LEADER
fixed length control field 00757cam a22002411 4500
001 - CONTROL NUMBER
control field sg 44000180
003 - CONTROL NUMBER IDENTIFIER
control field DLC
005 - DATE AND TIME OF LATEST TRANSACTION
control field 20260227112743.0
008 - FIXED-LENGTH DATA ELEMENTS--GENERAL INFORMATION
fixed length control field 810725s1944 xx ac 000 0 eng
010 ## - LIBRARY OF CONGRESS CONTROL NUMBER
LC control number sg 44000180
035 ## - SYSTEM CONTROL NUMBER
System control number (OCoLC)14736598
040 ## - CATALOGING SOURCE
Original cataloging agency DLC
Transcribing agency DNLM
Modifying agency MoKL
-- DLC
042 ## - AUTHENTICATION CODE
Authentication code premarc
050 00 - LIBRARY OF CONGRESS CALL NUMBER
Classification number RS68.S4
Item number A4
060 0# - NATIONAL LIBRARY OF MEDICINE CALL NUMBER
Classification number QV 711
Item number AA1 S3o 1944
110 2# - MAIN ENTRY--CORPORATE NAME
Corporate name or jurisdiction name as entry element W.H. Schieffelin & Co. (New York, N.Y.)
245 10 - TITLE STATEMENT
Title 150 years service to American health.
260 ## - PUBLICATION, DISTRIBUTION, ETC.
Place of publication, distribution, etc. New York city,
Name of publisher, distributor, etc. Schieffelin & co.,
Date of publication, distribution, etc. c1944.
300 ## - PHYSICAL DESCRIPTION
Extent 2 p. l., 73, [1] p.
Other physical details ill., ports.
500 ## - GENERAL NOTE
General note "By Carl C. Dickey and W. J. Schieffelin, jr." - Verso of 2d prelim. leaf.
650 #0 - SUBJECT ADDED ENTRY--TOPICAL TERM
Topical term or geographic name entry element Pharmacy
Geographic subdivision United States
General subdivision History.
700 1# - ADDED ENTRY--PERSONAL NAME
Personal name Dickey, Carl C.

No items available.

Powered by Koha